000 01643nam0a2200325 4500
001 RU\NLR\BIBL_A\011294261
005 20260408211144.0
010 _a978-5-9908152-7-8
_9500
021 _aRU
_b2016-92274
_96095
035 _a(NLR Aleph) 011294261
090 _a10940304
_c10940304
100 _a20161219d2016 |||y0rusy50 ca
101 0 _arus
102 _aRU
105 _aac z 000zy
200 1 _aТензиометрический и биохимический анализ крови животных: фундаментальные и прикладные аспекты
_e[монография]
_fС.Ю. Зайцев
_gФедер. гос. бюджет. образоват. учреждение высш. образования "Моск. гос. акад. вет. медицины и биотехнологии - МВА им. К.И. Скрябина"
210 _aМосква
_cСельскохозяйственные технологии
_d2016
215 _a190, [1] с.
_cил., цв. ил., портр.
_d20
300 _aНа с. 180 авт.: Зайцев С.Ю., проф., д.х.н., д.б.н.
320 _aБиблиогр.: с. 124-136
320 _aДр. работы авт.: с. 184-190 (75 назв.)
606 _aКровь
_xАнализ у животных
_92309666
_3RU\NLR\AUTH\6601608147
686 1 _aП836.71
686 1 _aП861.22
700 1 _7ca
_8rus
_aЗайцев
_bС. Ю.
_cд-р хим. наук, д-р биол. наук
_f1958-
_gСергей Юрьевич
_97401
_3RU\NLR\AUTH\7724350
942 _cBOOK
980 _aNBR
980 _aNB